000
00265nam a22000977a 4500
999
_c
11735
_d
11735
008
200113b ||||| |||| 00| 0 eng d
020
_a
9780689870118
100
_a
Bildner Phil
_9
7423
245
_a
Twenty one Elephants
260
_a
New York
_b
Simon & Schuster Books
_c
2004